| 000 | 00622nam a22002057a 4500 | ||
|---|---|---|---|
| 003 | KOHA_MİRAKIL | ||
| 005 | 20260428084611.0 | ||
| 008 | 260427b tu ||||| |||| 00| 0 tur d | ||
| 020 | _a9789752405202 | ||
| 040 |
_aTR-AnABB _btur _cTR-AnABB |
||
| 041 | _atur | ||
| 082 |
_a818.42 _bEDE 2017 |
||
| 245 | 0 | 0 |
_aEdebiyatta Hatay / _cderleyen : Müslüm Kabadayı |
| 260 |
_aAnkara ; _bSonçağ Yayıncılık Matbaacılık, _c2017 |
||
| 300 |
_a286 sayfa ; _c20 cm |
||
| 650 | 0 | 4 | _aTürk edebiyatı, çeşitli |
| 700 | 1 |
_aKabadayı, Müslüm, _ederleyen _91 |
|
| 900 | _bCan ÇELIK | ||
| 942 |
_2ddc _cBK |
||
| 999 |
_c10336 _d10336 |
||